Pragmática aplicada al español. De la proposición al contexto.

שמור ב:
מידע ביבליוגרפי
מחבר ראשי: Pons Bordería, Salvador (autor)
פורמט: לא ידוע
שפה:אנגלית
יצא לאור: Valencia, España: Universitat de València, 2021.
סדרה:Colección Educació. Laboratori de Materials,
נושאים:
תגים: הוספת תג
אין תגיות, היה/י הראשונ/ה לתייג את הרשומה!

MARC

LEADER 00000 a2200000 4500
003 CL-VaPUC
005 20230424103904.0
008 230403t2021 ||||| |||| 00| 0 eng d
999 |c 439482  |d 439480 
020 |a 978-84-9134-750-7 
040 |c Pontificia Universidad Católica de Valparaíso 
082 |2 22  |a 401.9 PON 2021 
100 |a Pons Bordería, Salvador   |9 878686  |e autor 
245 |a Pragmática aplicada al español.  |b De la proposición al contexto.  
260 |a Valencia, España:   |b Universitat de València,   |c 2021.  
300 |a 123 páginas.  
490 |a Colección Educació. Laboratori de Materials,   |n  83.  
583 |k GC  |c 20230403 
650 0 |9 309143  |a Idioma español  |x Pragmática  
650 0 |9 309143  |a Idioma español  |x Filosofía del lenguaje  |x Actos de habla  
650 0 |9 309143  |a Idioma español  |x Psicolingüística  |x Errores y malentendidos en el habla  
942 |2 ddc  |c BK 
952 |0 0  |1 0  |2 ddc  |4 0  |6 401_900000000000000_PON_2021  |7 0  |8 A  |9 589397  |a BIBEDU  |b BIBEDU  |c GEN  |d 2023-03-31  |e 3  |g 15883.00  |i 5656942  |l 1  |m 2  |o 401.9 PON 2021  |p 5656942  |r 2023-10-04  |s 2023-09-13  |t 1  |v 15883.00  |w 2023-03-31  |y BK  |k LIT